[Event "Cto Aragon Equipos 2016 Pref Gr I"]
[Site "Aragon"]
[Date "2016.03.05"]
[Round "6.34"]
[White "Climente Martinez, Jose Luis"]
[Black "Antonano Fedz-Quincoces, Aveli"]
[Result "1-0"]
[WhiteElo "1924"]
[BlackElo "2006"]
[PlyCount "61"]
[EventDate "2016.??.??"]
[EventType "team-tourn"]
[EventRounds "9"]
[WhiteTeam "Sabiñanigo"]
[BlackTeam "St. Casablanca C"]

1. d4 f5 2. c4 Nf6 3. g3 e6 4. Bg2 c6 5. Nc3 d5 6. Bf4 Nh5 7. Be5 Nd7 8. e4
Nxe5 9. dxe5 d4 10. Qxh5+ g6 11. Qf3 dxc3 12. Qxc3 Qb6 13. a3 Bc5 14. Qc2 Bd4
15. O-O-O Bxf2 16. Nf3 Bd7 17. Rhf1 Be3+ 18. Kb1 O-O-O 19. b4 c5 20. Rd6 Bc6
21. exf5 Rxd6 22. exd6 cxb4 23. fxe6 bxa3+ 24. Ka2 Ba4 25. Qc3 Qb2+ 26. Qxb2
axb2 27. Ne5 Bc2 28. Kxb2 Bd4+ 29. Kxc2 Bxe5 30. c5 Bd4 31. e7 1-0

[Event "Cto Aragon Equipos 2016 Pref Gr I"]
[Site "Aragon"]
[Date "2016.03.05"]
[Round "6.35"]
[White "Alvarez Gonzalo, Miguel Angel"]
[Black "Garcia Estruch, Jorge"]
[Result "0-1"]
[WhiteElo "1896"]
[BlackElo "1883"]
[PlyCount "62"]
[EventDate "2016.??.??"]
[EventType "team-tourn"]
[EventRounds "9"]
[WhiteTeam "St. Casablanca C"]
[BlackTeam "Sabiñanigo"]

1. c4 Nf6 2. Nc3 e5 3. g3 d5 4. cxd5 Nxd5 5. Bg2 c6 6. Nf3 Bd6 7. O-O O-O 8. d4
exd4 9. Nxd5 cxd5 10. Nxd4 Be5 11. e3 Nc6 12. Nb3 Qf6 13. Bxd5 Bh3 14. Bg2 Bxg2
15. Kxg2 Bxb2 16. Rb1 Bc3 17. Qf3 Qg6 18. Bb2 Bxb2 19. Rxb2 Rad8 20. Qf4 Rfe8
21. Nd2 Ne5 22. Qa4 Qd6 23. Qe4 b6 24. h3 f5 25. Qh4 Qc6+ 26. f3 Qc3 27. Nc4
Nxc4 28. Re2 Nxe3+ 29. Rxe3 Qxe3 30. Qc4+ Qe6 31. Qc3 Qe2+ 0-1

[Event "Cto Aragon Equipos 2016 Pref Gr I"]
[Site "Aragon"]
[Date "2016.03.05"]
[Round "6.36"]
[White "Martinez Carnicer, Eduardo"]
[Black "Solanas Godes, Beatriz"]
[Result "1-0"]
[WhiteElo "1844"]
[BlackElo "1849"]
[PlyCount "87"]
[EventDate "2016.??.??"]
[EventType "team-tourn"]
[EventRounds "9"]
[WhiteTeam "Sabiñanigo"]
[BlackTeam "St. Casablanca C"]

1. e4 e5 2. d4 exd4 3. Qxd4 Nc6 4. Qe3 d6 5. Nc3 Nf6 6. f3 Qe7 7. Bd2 Bd7 8.
O-O-O O-O-O 9. Nge2 Kb8 10. Nf4 a6 11. Nfd5 Nxd5 12. Nxd5 Qe8 13. Bxa6 bxa6 14.
Qc3 Kc8 15. Qc4 Kb7 16. Rhe1 Be6 17. Re3 Bxd5 18. exd5 Ne5 19. Rb3+ Kc8 20.
Qxa6+ Kd7 21. f4 Ra8 22. Qb5+ Ke7 23. fxe5 Qxb5 24. exd6+ cxd6 25. Rxb5 Rxa2
26. Rb7+ Kd8 27. Kb1 Ra6 28. Rxf7 Ke8 29. Rb7 h6 30. Rf1 Ra8 31. Rff7 g5 32.
Bc3 Rg8 33. Bg7 Bxg7 34. Rxg7 Rf8 35. Rbe7+ Kd8 36. Rgf7 Rxf7 37. Rxf7 Ra5 38.
c4 Rc5 39. b3 h5 40. Kb2 g4 41. Rh7 g3 42. h3 Kc8 43. Rxh5 Rc7 44. Rg5 1-0

[Event "Cto Aragon Equipos 2016 Pref Gr I"]
[Site "Aragon"]
[Date "2016.03.05"]
[Round "6.37"]
[White "Sierra Aguerri, Joaquin"]
[Black "Hefty, Jorge W"]
[Result "0-1"]
[WhiteElo "2059"]
[BlackElo "2352"]
[PlyCount "66"]
[EventDate "2016.??.??"]
[EventType "team-tourn"]
[EventRounds "9"]
[WhiteTeam "Tauste"]
[BlackTeam "IberCaja B"]

1. e4 c5 2. Nc3 e6 3. f4 Nc6 4. Nf3 a6 5. g3 h5 6. h3 b5 7. Bg2 Bb7 8. O-O b4
9. Na4 Nf6 10. d3 d5 11. e5 Nd7 12. f5 Qa5 13. fxe6 fxe6 14. c4 bxc3 15. Ng5 c2
16. Qxc2 Nd4 17. Qf2 O-O-O 18. Nf7 Qxa4 19. Bg5 Re8 20. Nxh8 Nxe5 21. Nf7 Nxd3
22. Qe3 c4 23. b3 Qa3 24. Kh2 Nc2 25. Qd2 Nxa1 26. Rxa1 Qb2 27. Qxb2 Nxb2 28.
Bf4 Nd3 29. Bd6 Kd7 30. Bxf8 Rxf8 31. Rf1 c3 32. Ne5+ Nxe5 33. Rxf8 c2 0-1

[Event "Cto Aragon Equipos 2016 Pref Gr I"]
[Site "Aragon"]
[Date "2016.03.05"]
[Round "6.38"]
[White "Jimenez Fernandez, Alejandro"]
[Black "Fernandez Rubio, Rafael"]
[Result "1/2-1/2"]
[WhiteElo "1984"]
[BlackElo "2042"]
[PlyCount "82"]
[EventDate "2016.??.??"]
[EventType "team-tourn"]
[EventRounds "9"]
[WhiteTeam "IberCaja B"]
[BlackTeam "Tauste"]

1. d4 Nf6 2. Nf3 d6 3. c4 Nbd7 4. Nc3 e5 5. g3 Be7 6. Bg2 O-O 7. O-O c6 8. e4
a6 9. d5 cxd5 10. exd5 Ne8 11. Ne1 f5 12. f4 Qb6+ 13. Kh1 e4 14. Qe2 Ndf6 15.
Be3 Qd8 16. Nc2 h5 17. b4 h4 18. Bf2 Ng4 19. Ne3 Nxf2+ 20. Qxf2 Bf6 21. Rac1
hxg3 22. hxg3 Kf7 23. c5 a5 24. a3 axb4 25. axb4 g6 26. Nc4 dxc5 27. Qxc5 Rh8+
28. Kg1 Ra6 29. Ne5+ Kg7 30. Rfd1 Be7 31. Qd4 Qb6 32. Qxb6 Rxb6 33. d6 Rxd6 34.
Nd5 Rxd5 35. Rxd5 Be6 36. Rd4 Kf6 37. Nd7+ Kf7 38. Nc5 Nd6 39. Bf1 Rc8 40. Rcd1
b6 41. Nxe6 Kxe6 1/2-1/2

[Event "Cto Aragon Equipos 2016 Pref Gr I"]
[Site "Aragon"]
[Date "2016.03.05"]
[Round "6.39"]
[White "Sancho Casale, Jesus"]
[Black "Eizaguerri Floris, Maria"]
[Result "0-1"]
[WhiteElo "1997"]
[BlackElo "1906"]
[PlyCount "75"]
[EventDate "2016.??.??"]
[EventType "team-tourn"]
[EventRounds "9"]
[WhiteTeam "Tauste"]
[BlackTeam "IberCaja B"]

1. Nf3 d5 2. c4 d4 3. e3 Nc6 4. b4 Bg4 5. h3 Bxf3 6. gxf3 Nxb4 7. Qb3 e5 8. a3
Nc6 9. Qxb7 Nge7 10. f4 Rb8 11. Qa6 exf4 12. Bg2 Qd6 13. Qa4 Rb6 14. O-O g6 15.
exd4 Qxd4 16. Re1 Qd6 17. d4 Bg7 18. c5 Qxd4 19. Bxc6+ Rxc6 20. Qxc6+ Kd8 21.
Qa8+ Kd7 22. Qf3 Qxa1 23. Rd1+ Ke6 24. Qb3+ Kf5 25. Qd3+ Kg5 26. Qg3+ Kf6 27.
Qxf4+ Nf5 28. Bd2 Bh6 29. Qf3 Bxd2 30. Nxd2 Qe5 31. Nc4 Qxc5 32. Qc3+ Kg5 33.
h4+ Nxh4 34. Qxh8 Nf3+ 35. Kg2 Qxc4 36. Qd8+ Kg4 37. Qd7+ f5 38. Qd3 0-1

[Event "Cto Aragon Equipos 2016 Pref Gr I"]
[Site "Aragon"]
[Date "2016.03.05"]
[Round "6.40"]
[White "Millan Martin, Alfonso"]
[Black "Bogomilov Georgiev, Georgi Ii"]
[Result "1-0"]
[WhiteElo "1750"]
[BlackElo "1953"]
[PlyCount "77"]
[EventDate "2016.??.??"]
[EventType "team-tourn"]
[EventRounds "9"]
[WhiteTeam "IberCaja B"]
[BlackTeam "Tauste"]

1. c4 Nf6 2. Nc3 g6 3. g3 c5 4. Bg2 Bg7 5. Nf3 Nc6 6. O-O O-O 7. d4 cxd4 8.
Nxd4 Nxd4 9. Qxd4 d6 10. Qd3 Bf5 11. e4 Be6 12. b3 Qa5 13. Bb2 Rac8 14. Qe2
Rfe8 15. Rfe1 Bd7 16. h3 a6 17. a3 Qb6 18. Qc2 e6 19. Rad1 Red8 20. Ne2 Qc7 21.
Qb1 Be8 22. Nf4 b5 23. cxb5 Bxb5 24. Rc1 Qb8 25. b4 Rxc1 26. Rxc1 Rc8 27. h4
Rc4 28. Rxc4 Bxc4 29. Qa1 e5 30. Nd5 Nxd5 31. exd5 Qb5 32. Qd1 f5 33. Bf1 e4
34. Bxg7 Bxf1 35. Bh6 Bh3 36. Qa1 Kf7 37. Bg5 Qxd5 38. Qf6+ Kg8 39. Bh6 1-0

[Event "Cto Aragon Equipos 2016 Pref Gr I"]
[Site "Aragon"]
[Date "2016.03.05"]
[Round "6.41"]
[White "Palacios Herrero, Pablo"]
[Black "Hinojar Basa, Alfonso"]
[Result "1-0"]
[WhiteElo "2149"]
[BlackElo "2196"]
[PlyCount "53"]
[EventDate "2016.??.??"]
[EventType "team-tourn"]
[EventRounds "9"]
[WhiteTeam "Palacio de Pioneros A"]
[BlackTeam "Marcos Frechin"]

1. e4 e6 2. d4 d5 3. e5 c5 4. c3 Qb6 5. Nf3 Nc6 6. a3 Nh6 7. b4 cxd4 8. cxd4
Nf5 9. Bb2 Bd7 10. g4 Nfe7 11. Nc3 Na5 12. Qc2 Nc4 13. Bxc4 dxc4 14. Nd2 Qc6
15. Nce4 Nc8 16. Qxc4 Nb6 17. Qb3 Qb5 18. Rg1 Bc6 19. Rg3 a5 20. Nc3 Qa6 21. b5
a4 22. Nxa4 Bxb5 23. Nxb6 Qxb6 24. a4 Rxa4 25. Rxa4 Qc6 26. Ra8+ Kd7 27. Qf3
1-0

[Event "Cto Aragon Equipos 2016 Pref Gr I"]
[Site "Aragon"]
[Date "2016.03.05"]
[Round "6.42"]
[White "Ciriano Lamban, Alejandro"]
[Black "Romero Pallares, Daniel"]
[Result "0-1"]
[WhiteElo "2004"]
[BlackElo "2135"]
[PlyCount "100"]
[EventDate "2016.??.??"]
[EventType "team-tourn"]
[EventRounds "9"]
[WhiteTeam "Marcos Frechin"]
[BlackTeam "Palacio de Pioneros A"]

1. d4 g6 2. c4 Bg7 3. Nc3 Nf6 4. e4 d6 5. f3 O-O 6. Be3 c5 7. d5 a6 8. Qd2 Qa5
9. Bd3 Nbd7 10. Nge2 Ne5 11. O-O b5 12. cxb5 axb5 13. Bxb5 Ba6 14. Bxa6 Qxa6
15. b3 Rfb8 16. Rfd1 Ne8 17. Rab1 Nc7 18. Bg5 Re8 19. Kh1 Rab8 20. Be3 Rb7 21.
f4 Nd7 22. Qd3 Ra8 23. Qxa6 Nxa6 24. a4 Rab8 25. Nb5 Nc7 26. Nec3 Bxc3 27. Nxc3
Rxb3 28. Bd2 R8b4 29. Rxb3 Rxb3 30. Rb1 c4 31. Rxb3 cxb3 32. Kg1 b2 33. Be3 Nf6
34. Bd4 Nxe4 35. Nb1 Nxd5 36. Bxb2 Nxf4 37. Kf1 Kf8 38. a5 Nc5 39. Bd4 Nfe6 40.
Be3 Ke8 41. Nc3 Na6 42. Nd5 Kd7 43. Ke2 Nec7 44. Nc3 Kc6 45. Kd3 Nd5 46. Bd4 e5
47. Bf2 Nxc3 48. Kxc3 d5 49. Bb6 Kb5 50. Bd8 Nc5 0-1

[Event "Cto Aragon Equipos 2016 Pref Gr I"]
[Site "Aragon"]
[Date "2016.03.05"]
[Round "6.43"]
[White "Echarte Buil, Oscar"]
[Black "De Pablo Zuniga, Hector Luis"]
[Result "1-0"]
[WhiteElo "2118"]
[BlackElo "1975"]
[PlyCount "75"]
[EventDate "2016.??.??"]
[EventType "team-tourn"]
[EventRounds "9"]
[WhiteTeam "Palacio de Pioneros A"]
[BlackTeam "Marcos Frechin"]

1. c4 Nf6 2. g3 g6 3. Bg2 Bg7 4. Nc3 O-O 5. d3 d6 6. e4 Nbd7 7. Nge2 c6 8. O-O
Ne8 9. Be3 c5 10. Qd2 Nc7 11. Rad1 Nb6 12. b3 Rb8 13. d4 cxd4 14. Nxd4 Ne6 15.
Nde2 Bd7 16. Nd5 Nxd5 17. exd5 Nc5 18. b4 Na4 19. Bxa7 Rc8 20. c5 Bb5 21. Rc1
Ra8 22. Bb6 Nxb6 23. cxb6 Qxb6 24. Rfe1 Qa6 25. Nc3 Bc4 26. Rxe7 Rfe8 27. Rxe8+
Rxe8 28. a4 b5 29. axb5 Bxb5 30. Nxb5 Qxb5 31. Bf1 Qd7 32. b5 Rb8 33. Rc6 Bf8
34. b6 Ra8 35. Rc7 Qf5 36. b7 Rb8 37. Ba6 Qb1+ 38. Qc1 1-0

[Event "Cto Aragon Equipos 2016 Pref Gr I"]
[Site "Aragon"]
[Date "2016.03.05"]
[Round "6.44"]
[White "Santos Morales, Julio Cesar"]
[Black "Baquedano Coarasa, Pablo"]
[Result "1/2-1/2"]
[WhiteElo "1851"]
[BlackElo "2031"]
[PlyCount "59"]
[EventDate "2016.??.??"]
[EventType "team-tourn"]
[EventRounds "9"]
[WhiteTeam "Marcos Frechin"]
[BlackTeam "Palacio de Pioneros A"]

1. d4 Nf6 2. Nf3 g6 3. Bf4 Bg7 4. e3 d6 5. Be2 O-O 6. O-O Nbd7 7. h3 b6 8. c4
Bb7 9. Nc3 Re8 10. Qc2 e5 11. dxe5 dxe5 12. Bh2 Qe7 13. Rfd1 e4 14. Nd4 Ne5 15.
Rd2 a6 16. Rad1 Nc6 17. Nxc6 Bxc6 18. Nd5 Bxd5 19. cxd5 Rec8 20. Rc1 Qd7 21.
Qc6 Rd8 22. Bxc7 Qxc6 23. Rxc6 Rxd5 24. Rdc2 b5 25. Ba5 Nd7 26. Rc8+ Rxc8 27.
Rxc8+ Bf8 28. Rc6 Rd6 29. Rc8 Kg7 30. Bc3+ 1/2-1/2

[Event "Cto Aragon Equipos 2016 Pref Gr I"]
[Site "Aragon"]
[Date "2016.03.05"]
[Round "6.46"]
[White "De La Riva Fernandez, Eduardo"]
[Black "Soriano Gracia, Manuel"]
[Result "1/2-1/2"]
[WhiteElo "1922"]
[BlackElo "1856"]
[PlyCount "72"]
[EventDate "2016.??.??"]
[EventType "team-tourn"]
[EventRounds "9"]
[WhiteTeam "El Olivar C"]
[BlackTeam "Monsalud"]

1. e4 e5 2. Nc3 Nc6 3. f4 d6 4. Nf3 Bg4 5. Bb5 f6 6. d4 exd4 7. Qxd4 a6 8.
Bxc6+ bxc6 9. O-O Be6 10. b3 Ne7 11. Qf2 c5 12. Bb2 g6 13. Nd5 Nxd5 14. exd5
Bxd5 15. Ng5 Be7 16. Rad1 Bf7 17. Nxf7 Kxf7 18. c4 Re8 19. f5 g5 20. Qf3 Kg8
21. Rde1 Qd7 22. Re6 Rf8 23. Rfe1 Rae8 24. Qh5 Rf7 25. h4 gxh4 26. R1e4 Ref8
27. Qxh4 Bd8 28. Bc1 Re7 29. Bb2 Rxe6 30. Rxe6 Qg7 31. g4 Rf7 32. Re8+ Rf8 33.
Re6 Rf7 34. Re8+ Rf8 35. Qh5 Rxe8 36. Qxe8+ Qf8 1/2-1/2

[Event "Cto Aragon Equipos 2016 Pref Gr I"]
[Site "Aragon"]
[Date "2016.03.05"]
[Round "6.47"]
[White "Moreno Martin-Viveros, Alvaro"]
[Black "Hernandez Delgado, Gabriel"]
[Result "1-0"]
[WhiteElo "1777"]
[BlackElo "1905"]
[PlyCount "107"]
[EventDate "2016.??.??"]
[EventType "team-tourn"]
[EventRounds "9"]
[WhiteTeam "Monsalud"]
[BlackTeam "El Olivar C"]

1. d4 c5 2. Nf3 cxd4 3. Nxd4 d5 4. g3 e5 5. Nb3 Nc6 6. Bg2 Be6 7. Nc3 Nf6 8.
Bg5 Bb4 9. O-O Ne7 10. Na4 Rc8 11. a3 Bd6 12. Nc3 Bb8 13. a4 O-O 14. a5 a6 15.
Na4 Ba7 16. Nc3 Qd7 17. Re1 Ng4 18. Rf1 f6 19. Bc1 f5 20. Bg5 Nf6 21. e3 h6 22.
Bxf6 Rxf6 23. Re1 f4 24. exf4 exf4 25. Nd4 fxg3 26. hxg3 Bg4 27. Rxe7 Bxd1 28.
Rxd7 Bxd4 29. Rxd1 Bxf2+ 30. Kh2 Rg6 31. Bxd5+ Kh8 32. Be4 Rf6 33. Rd8+ Rf8 34.
Rxc8 Rxc8 35. Bxb7 Rb8 36. Be4 g5 37. Kg2 Bc5 38. Na4 Bf8 39. Nb6 Re8 40. Bd3
Bg7 41. b3 Bc3 42. Nc4 Kg7 43. Rf1 Re6 44. Rf2 h5 45. Re2 Rf6 46. Re7+ Kf8 47.
Rh7 Bd4 48. Rxh5 Rf2+ 49. Kh3 Bf6 50. Kg4 Ke7 51. Rh7+ Ke6 52. Ra7 Kd5 53. Rxa6
Kc5 54. Nd6 1-0

[Event "Cto Aragon Equipos 2016 Pref Gr I"]
[Site "Aragon"]
[Date "2016.03.05"]
[Round "6.48"]
[White "Sarto Ramos, Angel"]
[Black "Miranda Herrera, Jorge Manuel"]
[Result "1-0"]
[WhiteElo "1880"]
[BlackElo "1656"]
[PlyCount "165"]
[EventDate "2016.??.??"]
[EventType "team-tourn"]
[EventRounds "9"]
[WhiteTeam "El Olivar C"]
[BlackTeam "Monsalud"]

1. d4 d5 2. Nf3 Nf6 3. e3 g6 4. Bd3 Bg7 5. Nbd2 O-O 6. O-O Nbd7 7. c4 c6 8. b3
b6 9. Ba3 Re8 10. cxd5 cxd5 11. Bb5 Bb7 12. Rc1 Rc8 13. Qe2 a6 14. Bd3 b5 15.
Rxc8 Qxc8 16. Rc1 Qb8 17. Rc2 e5 18. dxe5 Nxe5 19. Nxe5 Qxe5 20. Bb2 Qd6 21.
Bd4 Ne4 22. Nf3 Bxd4 23. Nxd4 Nc5 24. Qd2 Nxd3 25. Qxd3 Qd7 26. b4 Rc8 27. Nb3
Kf8 28. Nc5 Qc6 29. Qd4 h5 30. h4 Re8 31. Rd2 Ba8 32. Qh8+ Ke7 33. Qe5+ Kf8 34.
Qg3 a5 35. a3 Kg7 36. Rd4 a4 37. Qh3 Qc8 38. Qg3 Qb8 39. Kh2 Qxg3+ 40. Kxg3 Bc6
41. Kf4 Kf6 42. e4 Re5 43. Ke3 Re7 44. f4 Kg7 45. e5 f5 46. Rd2 Kf7 47. Kd4 Rc7
48. Rc2 Ba8 49. Rc3 Ke7 50. g3 Rc6 51. Rc1 Rc8 52. Nd3 Rc4+ 53. Rxc4 dxc4 54.
Nc1 Bc6 55. Na2 Ke6 56. Nc3 Bd7 57. Kc5 Be8 58. Ne2 Bd7 59. Nd4+ Ke7 60. Ne2
Ke6 61. Nc3 Be8 62. Kb6 Bd7 63. Kc7 Be8 64. Kb6 Bd7 65. Kc5 Be8 66. Nxa4 bxa4
67. Kxc4 Kd7 68. b5 Kc7 69. Kc5 Kb7 70. e6 Kc7 71. b6+ Kb7 72. Kd6 Kxb6 73. Ke7
Bb5 74. Kf7 Bc4 75. Kxg6 Bxe6 76. Kxh5 Kc5 77. Kg6 Bd7 78. Kf7 Kc4 79. h5 Kb3
80. h6 Kxa3 81. h7 Ka2 82. h8=Q a3 83. Qd4 1-0

[Event "Cto Aragon Equipos 2016 Pref Gr II"]
[Site "Aragon"]
[Date "2016.03.05"]
[Round "6.49"]
[White "Fontana Sotomayor, Luis Javier"]
[Black "Escuer Sanchez, Nestor"]
[Result "1-0"]
[WhiteElo "2315"]
[BlackElo "2066"]
[PlyCount "81"]
[EventDate "2016.01.30"]
[WhiteTeam "Jaime Casas B"]
[BlackTeam "SMA Barbastro"]

1. b3 e5 2. Bb2 Nc6 3. e3 Nf6 4. Bb5 d6 5. Ne2 Bd7 6. d3 a6 7. Bxc6 Bxc6 8. O-O
Be7 9. Nd2 O-O 10. e4 Re8 11. h3 Bf8 12. f4 Nd7 13. Nc4 b6 14. Ne3 Bb7 15. Kh1
c6 16. fxe5 dxe5 17. Qe1 Nc5 18. Qg3 f6 19. h4 Ne6 20. h5 h6 21. Nf5 Kh8 22.
Bc1 Ng5 23. Ng1 Bc8 24. Nh4 Nf7 25. Ngf3 Bc5 26. Ng6+ Kg8 27. Nfh4 a5 28. Bd2
a4 29. b4 Bd6 30. Nf5 Bxf5 31. Rxf5 c5 32. bxc5 bxc5 33. Raf1 Kh7 34. Nh4 Ra7
35. Qg6+ Kh8 36. R5f3 Ng5 37. Bxg5 fxg5 38. Rf7 Rxf7 39. Rxf7 Rg8 40. Nf5 g4
41. Rxg7 1-0

[Event "Cto Aragon Equipos 2016 Pref Gr II"]
[Site "Aragon"]
[Date "2016.03.05"]
[Round "6.50"]
[White "Sig Vargas, Pablo"]
[Black "Maza Broto, Pablo"]
[Result "1-0"]
[WhiteElo "1885"]
[BlackElo "2082"]
[PlyCount "71"]
[EventDate "2016.01.30"]
[WhiteTeam "SMA Barbastro"]
[BlackTeam "Jaime Casas B"]

1. e4 c5 2. Nc3 e6 3. f4 Nc6 4. Nf3 a6 5. d3 d5 6. g3 Nf6 7. Bg2 Be7 8. O-O b5
9. Ne5 Bb7 10. exd5 exd5 11. Re1 O-O 12. Bd2 b4 13. Na4 Re8 14. b3 Bd6 15. Nxc6
Bxc6 16. Nb2 Qb6 17. Be3 h5 18. h3 h4 19. g4 Rxe3 20. Rxe3 Bxf4 21. Re1 c4+ 22.
d4 c3 23. Na4 Bxa4 24. bxa4 Bd2 25. Re7 Qxd4+ 26. Kh1 Kf8 27. Qe2 Qc5 28. Re5
Re8 29. Rf1 Qd6 30. Rxe8+ Nxe8 31. Qf3 Nf6 32. Qf5 Qe6 33. g5 Qxf5 34. Rxf5 Nd7
35. Bxd5 f6 36. gxf6 1-0

[Event "Cto Aragon Equipos 2016 Pref Gr II"]
[Site "Aragon"]
[Date "2016.03.05"]
[Round "6.51"]
[White "Rodriguez Leiva, Manuel"]
[Black "Avellanas Pau, Miguel Angel"]
[Result "1-0"]
[WhiteElo "1937"]
[BlackElo "1883"]
[PlyCount "91"]
[EventDate "2016.01.30"]
[WhiteTeam "Jaime Casas B"]
[BlackTeam "SMA Barbastro"]

1. c4 Nf6 2. Nc3 g6 3. Nf3 Bg7 4. g3 d6 5. Bg2 O-O 6. O-O e5 7. d4 Nbd7 8. b3
c6 9. Ba3 Ne8 10. Rc1 f5 11. e4 Qf6 12. dxe5 Nxe5 13. Bb2 Be6 14. Nxe5 dxe5 15.
exf5 gxf5 16. Na4 Qe7 17. Qe2 Bf7 18. Rfe1 Nd6 19. Bxe5 Rfe8 20. f4 Bg6 21. Qb2
Ne4 22. Bxg7 Qxg7 23. Qxg7+ Kxg7 24. Rcd1 Rad8 25. Bxe4 Rxe4 26. Kf2 Rxd1 27.
Rxd1 Kf6 28. Nc5 Re7 29. Rd6+ Kf7 30. Nd3 Re6 31. Ne5+ Kf6 32. Rd8 Re8 33. Rd6+
Re6 34. Rxe6+ Kxe6 35. Ke3 c5 36. h3 Be8 37. g4 Kf6 38. g5+ Ke6 39. h4 Bh5 40.
Nd3 Kd6 41. Nc1 Bd1 42. Kd2 Bf3 43. Ne2 Ke6 44. Ng3 Bg4 45. h5 Bf3 46. h6 1-0

[Event "Cto Aragon Equipos 2016 Pref Gr II"]
[Site "Aragon"]
[Date "2016.03.05"]
[Round "6.53"]
[White "Accattato Martin, Mario"]
[Black "Malo Guillen, Jose Luis"]
[Result "1-0"]
[WhiteElo "2240"]
[BlackElo "2148"]
[PlyCount "53"]
[EventDate "2016.01.30"]
[WhiteTeam "Monzon"]
[BlackTeam "Las Fuentes"]

1. e4 e5 2. Nf3 Nc6 3. d4 exd4 4. Nxd4 Bc5 5. Nb3 Bb6 6. Qe2 d6 7. Be3 Nf6 8.
Nc3 Qe7 9. O-O-O Be6 10. Kb1 O-O-O 11. Nd5 Bxd5 12. exd5 Nb4 13. Qc4 Qe4 14.
Qxe4 Nxe4 15. Bxb6 axb6 16. Rd4 Nxf2 17. Rg1 Rhe8 18. Bb5 Re4 19. Rf1 c5 20.
dxc6 bxc6 21. Rxf2 Rxd4 22. Nxd4 cxb5 23. Rxf7 Re8 24. b3 Re4 25. Nxb5 Re2 26.
a3 Nxc2 27. Rc7+ 1-0

[Event "Cto Aragon Equipos 2016 Pref Gr II"]
[Site "Aragon"]
[Date "2016.03.05"]
[Round "6.54"]
[White "Alonso Blasco, Jose Miguel"]
[Black "Citoler Serrat, Adriano"]
[Result "1/2-1/2"]
[WhiteElo "2064"]
[BlackElo "1936"]
[PlyCount "91"]
[EventDate "2016.01.30"]
[WhiteTeam "Las Fuentes"]
[BlackTeam "Monzon"]

1. e4 c5 2. Nf3 e6 3. c3 d5 4. exd5 exd5 5. d4 Nf6 6. Bb5+ Nc6 7. O-O Be7 8.
Ne5 Bd7 9. Nxd7 Nxd7 10. dxc5 Nxc5 11. Nd2 O-O 12. Nf3 Ne6 13. Be3 Bf6 14. Qa4
Qc7 15. Rad1 a6 16. Bd3 g6 17. Bb1 Rfd8 18. Rd2 b5 19. Qc2 Qb7 20. Rfd1 b4 21.
Qb3 a5 22. a4 Rab8 23. Rxd5 Rxd5 24. Rxd5 bxc3 25. Rb5 Qc7 26. bxc3 Rxb5 27.
axb5 Ne5 28. Nxe5 Qxe5 29. b6 a4 30. Qxa4 Qxc3 31. Qd1 Qb4 32. Bd3 Bd4 33. Qb1
Qxb1+ 34. Bxb1 Bxe3 35. fxe3 Nc5 36. Be4 Kf8 37. b7 Na6 38. Kf2 Ke7 39. Kf3 Kd6
40. Kf4 f6 41. g4 Kc7 42. g5 f5 43. Bd5 Nb4 44. Bg8 Nd3+ 45. Kf3 Ne5+ 46. Kf4
1/2-1/2

[Event "Cto Aragon Equipos 2016 Pref Gr II"]
[Site "Aragon"]
[Date "2016.03.05"]
[Round "6.55"]
[White "Barranco Mananet, Fernando"]
[Black "Mombiela De Sus, Jose Luis"]
[Result "1/2-1/2"]
[WhiteElo "1837"]
[BlackElo "1926"]
[PlyCount "81"]
[EventDate "2016.01.30"]
[WhiteTeam "Monzon"]
[BlackTeam "Las Fuentes"]

1. c4 f5 2. Nc3 Nf6 3. Nf3 e6 4. d4 Bb4 5. Bd2 b6 6. g3 Bb7 7. Bg2 O-O 8. O-O
Qe7 9. a3 Bxc3 10. Bxc3 d6 11. Rc1 Nbd7 12. Nd2 Bxg2 13. Kxg2 c5 14. e3 e5 15.
dxe5 dxe5 16. Qf3 Ng4 17. e4 Nh6 18. exf5 Nxf5 19. Qd5+ Kh8 20. Rce1 Rae8 21.
Bxe5 Nxe5 22. Nf3 Nh4+ 23. Nxh4 Qf6 24. Nf3 Nxf3 25. Rxe8 Nh4+ 26. gxh4 Rxe8
27. b4 cxb4 28. axb4 h6 29. Rd1 Rf8 30. Qd4 Qf3+ 31. Kg1 Rf4 32. Qd8+ Kh7 33.
Qd3+ Qxd3 34. Rxd3 Rxc4 35. Ra3 Rxb4 36. Rxa7 Re4 37. Rb7 Re6 38. h5 Kg8 39.
Kg2 g5 40. hxg6 Rxg6+ 41. Kf3 1/2-1/2

[Event "Cto Aragon Equipos 2016 Pref Gr II"]
[Site "Aragon"]
[Date "2016.03.05"]
[Round "6.56"]
[White "Javierre Conesa, Alfonso"]
[Black "Garreta Nieto, Maria"]
[Result "1/2-1/2"]
[WhiteElo "1919"]
[BlackElo "1615"]
[PlyCount "55"]
[EventDate "2016.01.30"]
[WhiteTeam "Las Fuentes"]
[BlackTeam "Monzon"]

1. d4 d5 2. Nf3 Nf6 3. g3 Bf5 4. Bg2 e6 5. O-O Nbd7 6. Nbd2 c5 7. e3 Bd6 8. c4
Bd3 9. Re1 dxc4 10. Ne5 Qc7 11. Ndxc4 Bxc4 12. Nxc4 Rb8 13. Nxd6+ Qxd6 14. b3
cxd4 15. exd4 Nd5 16. Bxd5 Qxd5 17. Ba3 Rc8 18. Qg4 Rg8 19. Qh4 f6 20. Qxh7 Kf7
21. Qe4 Qxe4 22. Rxe4 Nb6 23. Bc5 Nd5 24. a4 b6 25. Ba3 a5 26. Ree1 Rc3 27.
Rab1 Rgc8 28. Rec1 1/2-1/2

[Event "Cto Aragon Equipos 2016 Pref Gr II"]
[Site "Aragon"]
[Date "2016.03.05"]
[Round "6.57"]
[White "Lorente Penalva, Diego"]
[Black "Lopez Caudevilla, David"]
[Result "1-0"]
[WhiteElo "2135"]
[BlackElo "2031"]
[PlyCount "75"]
[EventDate "2016.01.30"]
[WhiteTeam "Binefar"]
[BlackTeam "Actur Rey Fernando"]

1. e4 g6 2. d4 Bg7 3. Nc3 c6 4. f4 d5 5. e5 Nh6 6. Nf3 Bg4 7. h3 Bxf3 8. Qxf3
Nf5 9. Be3 e6 10. Bf2 b5 11. g4 Nh6 12. Bd3 Nd7 13. O-O b4 14. Ne2 O-O 15. f5
f6 16. Nf4 exf5 17. Ne6 fxg4 18. Qe2 Qe7 19. Nxf8 Nxf8 20. exf6 Qxf6 21. hxg4
Qf4 22. c3 Re8 23. Qxe8 Qxg4+ 24. Kh2 Qf4+ 25. Bg3 Ng4+ 26. Kh3 Qh6+ 27. Kg2
Ne3+ 28. Kg1 Nxf1 29. Rxf1 bxc3 30. bxc3 Qd2 31. Rxf8+ Bxf8 32. Qe6+ Kg7 33.
Be5+ Kh6 34. Qh3+ Kg5 35. Qg3+ Kh5 36. Qf3+ Kh4 37. Bf4 Qe1+ 38. Bf1 1-0

[Event "Cto Aragon Equipos 2016 Pref Gr II"]
[Site "Aragon"]
[Date "2016.03.05"]
[Round "6.58"]
[White "Aviol Perez, Jose Mariano"]
[Black "Faro Perella, Alberto"]
[Result "1-0"]
[WhiteElo "1821"]
[BlackElo "1966"]
[PlyCount "69"]
[EventDate "2016.01.30"]
[WhiteTeam "Actur Rey Fernando"]
[BlackTeam "Binefar"]

1. d4 Nf6 2. Nf3 c5 3. d5 d6 4. c4 b5 5. cxb5 a6 6. b6 Nbd7 7. Nc3 g6 8. a4 a5
9. e4 Bg7 10. Be2 O-O 11. O-O Nxb6 12. Ra3 Rb8 13. Nd2 Bd7 14. f4 Qc8 15. h3 e6
16. dxe6 Bxe6 17. Nf3 Rd8 18. Qe1 d5 19. e5 Ne8 20. Nb5 d4 21. Qxa5 d3 22. Rxd3
Rxd3 23. Bxd3 c4 24. Bc2 Bf8 25. Be3 Nd5 26. Qd2 Nec7 27. Ba7 Bb4 28. Qc1 Ra8
29. Nxc7 Rxa7 30. Nb5 Rd7 31. Kh1 Bc5 32. Nfd4 Nb4 33. Nxe6 fxe6 34. Be4 Nd3
35. Qxc4 1-0

[Event "Cto Aragon Equipos 2016 Pref Gr II"]
[Site "Aragon"]
[Date "2016.03.05"]
[Round "6.59"]
[White "Bayona Bafaluy, Jose Maria"]
[Black "Fernandez Sierra, Pedro Jose"]
[Result "1-0"]
[WhiteElo "1823"]
[BlackElo "1670"]
[PlyCount "65"]
[EventDate "2016.01.30"]
[WhiteTeam "Binefar"]
[BlackTeam "Actur Rey Fernando"]

1. e4 e6 2. Nc3 d5 3. d4 dxe4 4. f3 Bb4 5. a3 Bxc3+ 6. bxc3 Nf6 7. Bg5 h6 8.
Bh4 g5 9. Bg3 Qd5 10. Be5 Nbd7 11. Rb1 Nxe5 12. Rb5 Nxf3+ 13. Nxf3 Qd8 14. Ne5
a6 15. Rb3 Nd7 16. Ng4 f5 17. Ne3 Nf6 18. Be2 Nd5 19. Nc4 O-O 20. Ne5 Nf4 21.
O-O Nxe2+ 22. Qxe2 Qe8 23. c4 b6 24. Rh3 Kg7 25. Qe3 Bb7 26. Qc3 Kh7 27. Rb1
Rb8 28. c5 bxc5 29. Qxc5 c6 30. Rhb3 e3 31. Rxb7+ Rxb7 32. Rxb7+ Kg8 33. Qa7
1-0